| 000 | 01146nam a2200313 i 4500 | ||
|---|---|---|---|
| 003 | IT-RoINE | ||
| 005 | 20190430064815.0 | ||
| 008 | 970626r1992 sp bd |r 001|||spa|d | ||
| 020 | _a8471003813 | ||
| 040 |
_aSpMaBN _cSpMaBN IT-RoINE _dIT-RoINE |
||
| 041 | 1 |
_aspa _heng |
|
| 100 | 1 |
_aMörner, Magnus, _d1924-2012 _958667 |
|
| 240 | 1 | 0 |
_aAdventurers and proletarians : the story of migrants in Latin America. _lEspañol |
| 245 | 1 | 0 |
_aAventureros y proletarios : _blos emigrantes en Hispanoamérica / _cMagnus Mörner en colaboración con Harold Sims. |
| 260 |
_aMadrid : _bMAPFRE, _c[1992] |
||
| 300 |
_a220 p. : _bgráf., mapas ; _c23 cm. |
||
| 336 |
_2rdacontent _atext |
||
| 337 |
_2rdamedia _aunmediated |
||
| 338 |
_2rdacarrier _avolume |
||
| 490 | 1 |
_aColección América 92 ; _v11 |
|
| 500 | _aIncluye índices. | ||
| 500 | _aTraducción de Alexandra Berk. | ||
| 504 | _aBibliografía: p. [185]-214. | ||
| 651 | 4 |
_aAmérica Latina _xEmigración e inmigración _xHistoria _958668 |
|
| 700 | 1 |
_aSims, Harold, _d1935- _958669 |
|
| 700 | 1 |
_aBerk, Alexandra _958670 |
|
| 830 | 0 |
_958636 _aAmérica 92 (MAPFRE) _v11 |
|
| 942 | _cMTS | ||
| 999 |
_c29958 _d29958 |
||